000 01546nam a2200289Ia 4500
999 _c1654
_d1654
003 CoMeUDC
005 20230328164107.0
008 130821s2004 ck gr spa
020 _a9583504815
040 _aCo-BoUCM
_bspa
_cCO-UdeC
041 0 0 _aspa
082 0 4 _a346.5
_bB272
100 1 _aBarrera Tapias, Carlos Darío.
245 1 4 _aLas obligaciones en el derecho moderno :
_bLas fuentes. El Acto Jurídico /
_cCarlos Darío Barrera Tapias.
250 _aSegunda edición, ampliada y corregida
260 _aBogotá :
_bEditorial Temis,
_c2004.
300 _a243 p. ;
_c24 cm.
504 _aIncluye índice.
505 _aTeorías sobre las fuentes de las obligaciones -- El acto o negocio jurídico como fuente de obligaciones -- Condiciones para la existencia y validez de los actos jurídicos -- La voluntad y su declaración -- La simulación -- El objeto -- La forma solemne -- Las condiciones para la validez -- La lesión -- Efectos de los actos jurídicos -- La teoría de la imprevisión -- El postulado de la buena fe -- Efectos de los actos jurídicos ante terceros. Relatividad de los actos jurídicos -- La interpretación de los actos jurídicos -- La ineficacia de los actos jurídicos -- La causa ilícita -- Disolución de los actos jurídicos
546 _aEspañol
650 0 4 _aActos jurídicos
_zColombia
_98468
650 0 4 _aContratos
_vClasificación
_911818
650 0 4 _aContratos
_zColombia
_911818
650 0 4 _aDerecho civil
_912711
650 0 4 _aObligaciones (Derecho)
_zColombia
942 _cBK
_2ddc